| 000 | 00679nam a22001937a 4500 | ||
|---|---|---|---|
| 001 | 10039 | ||
| 003 | FISKH | ||
| 005 | 20260401101538.0 | ||
| 008 | 260331b cb ||||| |||| 00| 0 eng d | ||
| 020 | _a9787557527433 | ||
| 040 |
_aFISKH _bchi _cFISKH _dFISKH |
||
| 082 | _a155.4 | ||
| 100 | _a严欢 | ||
| 245 |
_a不要欺负我·学会爱自己 / _c严欢 |
||
| 300 |
_a23 pages : _bcolor illustrations ; _c23 cm . |
||
| 520 | _a本书属于幼儿性格培养绘本系列,通过生动有趣的故事,引导孩子改掉拖延的坏习惯,培养做事积极、守时、有责任感的良好品质,适合早期教育阅读。 | ||
| 942 |
_2ddc _cBOOK _n0 |
||
| 999 |
_c10039 _d10039 |
||